01346nam a2200409 i 450000100060000000300090000600500170001500800410003202000150007304000360008804600090012408000130013308000100014608000150015624501420017126000330031330000770034638000160042338800140043938800140045350400260046764800140049364800140050765000100052165000240053165000260055565000270058165000310060865000410063965100110068065500190069165800310071065800250074165800370076670000350080385600980083832694KOSZ 00520240405063058.0971010s1997 pl f |000 0 pol u a8390536218 cKOSZ 005aKOSZ 005dKOSZ 005/HR k1997 a625.7/.8 a504.5 a349.6(438)00aOceny oddziaływania dróg na środowisko.nCz. 2,pAneksy /cGeneralna Dyrekcja Dróg Publicznych ; zesp. aut. Marian Tracz [et al.]. aWarszawa :bEkodroga,c1997. a[2], 206 s. pag. varia, 2 k. tabl. :bfot., mapy., rys., wykr. ;c24 cm. aKsiążki a1901-2000 a1989-2000 aBibliogr. przy rozdz. 7a1901-2000 7a1989-2000 7aDrogi 7aKomunikacja drogowa 7aTransport samochodowy 7aWpływ na środowisko 7aPrawo ochrony środowiska 7aOcena oddziaływania na środowisko 7aPolska 7aPraca zbiorowa aArchitektura i budownictwo aOchrona środowiska aPrawo i wymiar sprawiedliwości1 aTracz, Mariand(1943- )eAutor uhttp://koha.tu.koszalin.pl/cgi-bin/koha/opac-detail.pl?biblionumber=32694yKatalog online BPK